God's secret to greatness : (Record no. 2138)

MARC details
000 -LEADER
fixed length control field 01012cam a22002774a 4500
001 - CONTROL NUMBER
control field 12035230
003 - CONTROL NUMBER IDENTIFIER
control field GBCCL
005 - DATE AND TIME OF LATEST TRANSACTION
control field 20241126110419.0
008 - FIXED-LENGTH DATA ELEMENTS--GENERAL INFORMATION
fixed length control field 000609s2000 caua b 000 0 eng
010 ## -
-- 00055252
020 ## - INTERNATIONAL STANDARD BOOK NUMBER
International Standard Book Number 0830725873 (pbk.)
040 ## - CATALOGING SOURCE
Original cataloging agency DLC
Transcribing agency DLC
Modifying agency DLC
042 ## -
-- pcc
050 00 -
-- BT738.4
-- .C36 2000
082 00 - DEWEY DECIMAL CLASSIFICATION NUMBER
Classification number 253
Edition information 21
Item number CAP
100 1# - MAIN ENTRY--PERSONAL NAME
Personal name Cape, David,
Dates associated with a name 1947-
9 (RLIN) 4389
245 10 - TITLE STATEMENT
Title God's secret to greatness :
Remainder of title the power of the towel /
Statement of responsibility, etc. David Cape & Tommy Tenney.
260 ## - PUBLICATION, DISTRIBUTION, ETC.
Place of publication, distribution, etc. Ventura, Calif. :
Name of publisher, distributor, etc. Regal,
Date of publication, distribution, etc. c2000.
300 ## - PHYSICAL DESCRIPTION
Extent 181 p. :
Other physical details ill. ;
Dimensions 23 cm.
504 ## - BIBLIOGRAPHY, ETC. NOTE
Bibliography, etc. note Includes bibliographical references.
650 #0 - SUBJECT ADDED ENTRY--TOPICAL TERM
Topical term or geographic name entry element Service (Theology)
9 (RLIN) 3929
700 1# - ADDED ENTRY--PERSONAL NAME
Personal name Tenney, Tommy,
Dates associated with a name 1956-
9 (RLIN) 606
906 ## - LOCAL DATA ELEMENT F, LDF (RLIN)
a 7
b cbc
c orignew
d 1
e ocip
f 20
g y-gencatlg
942 ## - ADDED ENTRY ELEMENTS (KOHA)
Source of classification or shelving scheme Dewey Decimal Classification
Koha item type Books
Koha issues (borrowed), all copies 1
Holdings
Withdrawn status Lost status Source of classification or shelving scheme Damaged status Not for loan Home library Current Library Shelving location Date acquired Total checkouts Total renewals Full call number Barcode Date last seen Date last checked out Copy number Price effective from Koha item type
    Dewey Decimal Classification     GRACE BIBLE COLLEGE GRACE BIBLE COLLEGE Ministry & Mission 2017-07-06 1 1 253 CAP 011099 2025-05-01 2018-05-11 c.2 2017-07-06 Books
    Dewey Decimal Classification     GRACE BIBLE COLLEGE GRACE BIBLE COLLEGE Ministry & Mission 2017-07-06     253 CAP 011103 2025-05-01   c.6 2017-07-06 Books
    Dewey Decimal Classification     GRACE BIBLE COLLEGE GRACE BIBLE COLLEGE Ministry & Mission 2017-07-06     253 CAP 011104 2025-05-01   c.7 2017-07-06 Books
    Dewey Decimal Classification     GRACE BIBLE COLLEGE GRACE BIBLE COLLEGE Ministry & Mission 2017-07-06     253 CAP 011105 2025-05-01   c.8 2017-07-06 Books
    Dewey Decimal Classification     GRACE BIBLE COLLEGE GRACE BIBLE COLLEGE Ministry & Mission 2017-07-06     253 CAP 011106 2025-05-01   c.9 2017-07-06 Books
    Dewey Decimal Classification     GRACE BIBLE COLLEGE GRACE BIBLE COLLEGE Ministry & Mission 2017-09-07     253 CAP 011098 2025-05-01   c.1 2017-09-07 Books
    Dewey Decimal Classification     GRACE BIBLE COLLEGE GRACE BIBLE COLLEGE Ministry & Mission 2017-09-07     253 CAP 011100 2025-05-01   c.3 2017-09-07 Books
    Dewey Decimal Classification     GRACE BIBLE COLLEGE GRACE BIBLE COLLEGE Ministry & Mission 2017-09-07     253 CAP 011101 2025-05-01   c.4 2017-09-07 Books
    Dewey Decimal Classification     GRACE BIBLE COLLEGE GRACE BIBLE COLLEGE Ministry & Mission 2017-09-07     253 CAP 011102 2025-05-01   c.5 2017-09-07 Books
    Dewey Decimal Classification     GRACE BIBLE COLLEGE GRACE BIBLE COLLEGE Ministry & Mission 2017-09-07     253 CAP 011107 2025-05-01   c.10 2017-09-07 Books
© Grace Bible College Library 2025